01046 am a2200253 a 450000500170000000800410001702000150005804100080007310000310008124500770011225000210018926000650021030000110027550001520028665300320043865300340047065300430050465300420054765300510058965300360064065300410067665300460071770000290076320240529103845.0101105s1996||||ck a f |||| 001 0 spa d a9589181309 aspa1 aÁngel Mejía, Gilberto. aInterpretación clínica del laboratorio / cGilberto Ángel Mejía a5a ed. 1a reimp. aBogota [Colombia]: bEditorial Médica Panamericana;c1996. a664 p. aÁngel Mejía, G. y Ángel Ramelli, M. (1996). Interpretación clínica del laboratorio. (5a ed.). Bogotá : Editorial Médica Panamericana. aComprimidos de laboratorios aCifras usuales en laboratorio aDiferentes preservativos para la orina aTipo de sangre en muestras analizadas aCifras internacionales normales en laboratorio aValores normales en veterinaria aIndice de abreviaturas más usuales aAbreviaturas de anticuerpos y antígenos1 aAngel Ramelli, Mauricio.